[Event "Tradewise Gibraltar 2012 - Challenger B"]
[Site "Gibraltar ENG"]
[Date "2012.01.30"]
[Round "3.25"]
[White "Schouten, Freek"]
[Black "Morenilla Rocher, Fernando"]
[Result "1-0"]
[WhiteElo "2073"]
[BlackElo "1853"]
[PlyCount "47"]
[EventDate "2012.01.28"]
[EventType "swiss"]
[EventRounds "5"]
[EventCountry "ENG"]
[Source "lmi"]
[SourceDate "2012.01.28"]

1. c4 d6 2. Nc3 c6 3. d4 g6 4. e4 Bg7 5. Nf3 Bg4 6. Be2 Qc7 7. O-O e5 8. d5 h5
9. Ng5 Bxe2 10. Qxe2 Bh6 11. Be3 Qe7 12. Qd2 Bxg5 13. Bxg5 f6 14. Be3 c5 15. a3
a6 16. b4 b6 17. Rab1 f5 18. Bg5 Qg7 19. bxc5 bxc5 20. Rb6 Nf6 21. Rxd6 O-O 22.
Bh6 Qf7 23. Bxf8 Qxf8 24. Re6 1-0

[Event "Tradewise Gibraltar 2012 - Challenger B"]
[Site "Gibraltar ENG"]
[Date "2012.01.30"]
[Round "3.26"]
[White "Perez Garcia, Alejandro"]
[Black "Attwood, James"]
[Result "1/2-1/2"]
[WhiteElo "1845"]
[BlackElo "2072"]
[PlyCount "77"]
[EventDate "2012.01.28"]
[EventType "swiss"]
[EventRounds "5"]
[EventCountry "ENG"]
[Source "lmi"]
[SourceDate "2012.01.28"]

1. d4 Nf6 2. Nf3 g6 3. Bg5 Bg7 4. Nbd2 d5 5. e3 O-O 6. c4 c6 7. Qb3 a5 8. Rc1
a4 9. Qc3 c5 10. Bxf6 Bxf6 11. cxd5 Qxd5 12. e4 Qd8 13. Qxc5 Nc6 14. e5 Bg7 15.
Bb5 Be6 16. O-O Rc8 17. Bxc6 bxc6 18. b3 axb3 19. axb3 Bh6 20. Ra1 Bd5 21. Qc3
Qd7 22. h3 Rb8 23. b4 Rfd8 24. Rfd1 Ra8 25. Nb3 Qf5 26. Rxa8 Rxa8 27. Na5 Qd7
28. Rb1 Rb8 29. Qd3 Be6 30. Qc3 Bf5 31. Qxc6 Qxc6 32. Nxc6 Rb7 33. Re1 Bc2 34.
Ra1 Be4 35. b5 e6 36. Na7 Bf4 37. Nh2 Bd2 38. Ng4 Kg7 39. Nf6 1/2-1/2

[Event "Tradewise Gibraltar 2012 - Challenger B"]
[Site "Gibraltar ENG"]
[Date "2012.01.30"]
[Round "3.27"]
[White "Havik, Victor"]
[Black "Bishop, Geoffrey L"]
[Result "1-0"]
[WhiteElo "2066"]
[BlackElo "1811"]
[PlyCount "63"]
[EventDate "2012.01.28"]
[EventType "swiss"]
[EventRounds "5"]
[EventCountry "ENG"]
[Source "lmi"]
[SourceDate "2012.01.28"]

1. c4 Nf6 2. g3 g6 3. Bg2 Bg7 4. Nf3 c5 5. Nc3 Nc6 6. O-O O-O 7. a3 d5 8. cxd5
Nxd5 9. Na4 Qd6 10. Qc2 Nd4 11. Nxd4 cxd4 12. d3 Bd7 13. b4 Rac8 14. Qb3 Be6
15. Nc5 Nc3 16. Qb2 Bd5 17. Nxb7 Qe5 18. Nc5 Nxe2+ 19. Kh1 Bxg2+ 20. Kxg2 Qd5+
21. f3 Nxc1 22. Qxc1 a5 23. Re1 axb4 24. axb4 Bf6 25. Ra5 Bg5 26. Qc4 Qd6 27.
Ra6 Qd8 28. h4 Be3 29. h5 g5 30. h6 g4 31. Rxe3 dxe3 32. Qxg4+ 1-0

[Event "Tradewise Gibraltar 2012 - Challenger B"]
[Site "Gibraltar ENG"]
[Date "2012.01.30"]
[Round "3.30"]
[White "Bucknell, Malcolm Gordon"]
[Black "Suez-Panama, Gilles"]
[Result "0-1"]
[WhiteElo "1937"]
[BlackElo "2034"]
[PlyCount "108"]
[EventDate "2012.01.28"]
[EventType "swiss"]
[EventRounds "5"]
[EventCountry "ENG"]
[Source "lmi"]
[SourceDate "2012.01.28"]

1. d4 Nf6 2. Nf3 g6 3. g3 Bg7 4. Bg2 O-O 5. O-O d6 6. c4 Nbd7 7. Qc2 c6 8. Nc3
e5 9. Rd1 Qc7 10. e3 Re8 11. Nd2 Nf8 12. d5 c5 13. a3 h5 14. b4 Bg4 15. f3 Bd7
16. Bb2 cxb4 17. axb4 b5 18. Qd3 a6 19. c5 dxc5 20. d6 Qb6 21. bxc5 Qxc5 22.
Kh1 Qb6 23. Nd5 Nxd5 24. Qxd5 Be6 25. Qe4 Nd7 26. f4 exf4 27. Bxg7 Kxg7 28.
Qxf4 Rad8 29. Ne4 Bf5 30. Ng5 Qxe3 31. Rxa6 Qxf4 32. gxf4 f6 33. Nf3 Bg4 34.
Rb1 Nc5 35. Ra7+ Rd7 36. Rxd7+ Bxd7 37. Nd4 Ne4 38. Rc1 Nxd6 39. Rc7 Re7 40.
Nc6 Ne8 41. Rb7 Re1+ 42. Bf1 Rxf1+ 43. Kg2 Rd1 44. Nb8 Kh6 45. Nxd7 b4 46. Nf8
Ng7 47. Rf7 Rd6 48. Nd7 b3 49. Nxf6 b2 50. Ng8+ Kh7 51. Rb7 Rd2+ 52. Kg3 Kxg8
53. Kh4 Rg2 54. h3 Nf5# 0-1

[Event "Tradewise Gibraltar 2012 - Challenger B"]
[Site "Gibraltar ENG"]
[Date "2012.01.30"]
[Round "3.31"]
[White "Taylor-Bowd, Philip J"]
[Black "Gravett, Alan David"]
[Result "1-0"]
[WhiteElo "2031"]
[BlackElo "1931"]
[PlyCount "42"]
[EventDate "2012.01.28"]
[EventType "swiss"]
[EventRounds "5"]
[EventCountry "ENG"]
[Source "lmi"]
[SourceDate "2012.01.28"]

1. e4 c5 2. Nc3 d6 3. f4 Nc6 4. Nf3 g6 5. Bb5 Bd7 6. Bc4 e6 7. O-O Nge7 8. Qe1
Nd4 9. Nxd4 cxd4 10. Nd1 b5 11. Bb3 Qb6 12. d3 O-O-O 13. a4 h5 14. Bd2 Qb7 15.
Nf2 h4 16. axb5 Bh6 17. Ra3 f5 18. Qa1 Kb8 19. Qa2 e5 20. Ra1 Nc8 21. Bd5 Qxd5
1-0

[Event "Tradewise Gibraltar 2012 - Challenger B"]
[Site "Gibraltar ENG"]
[Date "2012.01.30"]
[Round "3.32"]
[White "Rios Gonzalez, Jose Antonio"]
[Black "Serarols Mabras, Bernat"]
[Result "1/2-1/2"]
[WhiteElo "2024"]
[BlackElo "1914"]
[PlyCount "91"]
[EventDate "2012.01.28"]
[EventType "swiss"]
[EventRounds "5"]
[EventCountry "ENG"]
[Source "lmi"]
[SourceDate "2012.01.28"]

1. d4 Nf6 2. c4 e6 3. Nc3 Bb4 4. Qc2 O-O 5. g3 c5 6. a3 Qa5 7. Rb1 Bxc3+ 8.
Qxc3 Qxc3+ 9. bxc3 Nc6 10. Nf3 b6 11. Bg2 Ne4 12. Ne5 Nxe5 13. Bxe4 Nc6 14. Be3
cxd4 15. cxd4 Ba6 16. d5 exd5 17. cxd5 Na5 18. Bf5 d6 19. Bf4 Bc4 20. Be4 Rfe8
21. Bf3 Rad8 22. Rb2 Nb3 23. Be3 Nc5 24. O-O f5 25. Rc1 b5 26. Rd1 Na4 27. Rbd2
a6 28. g4 Nc3 29. Rc1 fxg4 30. Bxg4 Nxd5 31. Bg5 Nf6 32. Bf3 d5 33. Rcd1 Rd6
34. e3 Ne4 35. Bxe4 Rxe4 36. f3 Re8 37. Bf4 Rde6 38. Kf2 h6 39. h4 Kf7 40. Rg1
h5 41. Re1 g6 42. Bc7 Rc6 43. Ba5 Re7 44. Rc1 Rce6 45. Re1 Rd7 46. Red1 1/2-1/2

[Event "Tradewise Gibraltar 2012 - Challenger B"]
[Site "Gibraltar ENG"]
[Date "2012.01.30"]
[Round "3.33"]
[White "Iasman, Inna"]
[Black "Kandic, Milan"]
[Result "0-1"]
[WhiteElo "1951"]
[BlackElo "2131"]
[PlyCount "136"]
[EventDate "2012.01.28"]
[EventType "swiss"]
[EventRounds "5"]
[EventCountry "ENG"]
[Source "lmi"]
[SourceDate "2012.01.28"]

1. d4 d6 2. Nf3 Nf6 3. c4 c6 4. Nc3 g6 5. e4 Bg7 6. Be2 O-O 7. h3 Nbd7 8. Be3
e5 9. d5 c5 10. Nd2 Ne8 11. g4 Kh8 12. Nf1 a6 13. Qd2 Nc7 14. a4 Rb8 15. Ng3 f6
16. h4 Rf7 17. h5 g5 18. Nf5 Ne8 19. f3 Nb6 20. a5 Bxf5 21. exf5 Nc8 22. Qc2 b6
23. Bd2 Rfb7 24. Ne4 h6 25. O-O b5 26. cxb5 axb5 27. b4 c4 28. Be3 Ra8 29. Nc3
Nc7 30. Rfd1 Na6 31. Qb2 Bf8 32. Rab1 Be7 33. Qc2 Qd7 34. Ne4 Bd8 35. Qd2 Qf7
36. Nc3 Nc7 37. Rdc1 Ne7 38. Rd1 Ne8 39. Ra1 Ra6 40. Nxb5 Rxb5 41. Bxc4 Nc7 42.
Qe2 Qe8 43. Bb6 Raxb6 44. axb6 Rxb6 45. b5 Nxb5 46. Bxb5 Rxb5 47. Ra8 Rxd5 48.
Rxd5 Nxd5 49. Qa6 Nc7 50. Qa4 Qxa4 51. Rxa4 Kg7 52. Kf2 Kf7 53. Ra7 Ke7 54. Ke2
Kd7 55. Kd3 d5 56. Rb7 Kc8 57. Rb6 Be7 58. Ke2 Ne8 59. Rb5 d4 60. Kd3 Kc7 61.
Ra5 Kb7 62. Rb5+ Kc7 63. Ra5 Nd6 64. Ra8 Nc8 65. Ra6 Nb6 66. Ra7+ Kd6 67. Rb7
Nd5 68. Rb8 Nf4+ 0-1

[Event "Tradewise Gibraltar 2012 - Challenger B"]
[Site "Gibraltar ENG"]
[Date "2012.01.30"]
[Round "3.34"]
[White "Baeza Escudero, Javier"]
[Black "Mihajlov, Sebastian"]
[Result "0-1"]
[WhiteElo "2054"]
[BlackElo "1974"]
[PlyCount "76"]
[EventDate "2012.01.28"]
[EventType "swiss"]
[EventRounds "5"]
[EventCountry "ENG"]
[Source "lmi"]
[SourceDate "2012.01.28"]

1. e4 e5 2. Nf3 Nc6 3. d4 exd4 4. Nxd4 Nf6 5. Nxc6 bxc6 6. e5 Qe7 7. Qe2 Nd5 8.
c4 Nb6 9. b3 Qe6 10. Bb2 a5 11. a4 Bb4+ 12. Nd2 O-O 13. O-O-O d5 14. exd6 cxd6
15. Qxe6 Bxe6 16. Bd4 c5 17. Be3 d5 18. cxd5 Nxd5 19. Nc4 Rab8 20. Kc2 Nc3 21.
Rd6 Ne4 22. Ra6 Rfd8 23. f3 Nf6 24. Bg5 Bf5+ 25. Kb2 Rd1 26. g4 Rb1+ 27. Ka2
Nd5 28. Bd2 Bxd2 29. Nxd2 Nb4+ 30. Ka3 Ra1+ 31. Kb2 Ra2+ 32. Kc1 Rc2+ 33. Kb1
Rxd2+ 34. gxf5 Nxa6 35. Bxa6 Rxb3+ 36. Kc1 Rbb2 37. Re1 Rdc2+ 38. Kd1 Rb1+ 0-1

[Event "Tradewise Gibraltar 2012 - Challenger B"]
[Site "Gibraltar ENG"]
[Date "2012.01.30"]
[Round "3.35"]
[White "Livesey, R Nigel"]
[Black "Campos Calvo-Sotelo, Juan"]
[Result "0-1"]
[WhiteElo "1907"]
[BlackElo "2028"]
[PlyCount "120"]
[EventDate "2012.01.28"]
[EventType "swiss"]
[EventRounds "5"]
[EventCountry "ENG"]
[Source "lmi"]
[SourceDate "2012.01.28"]

1. c4 Nc6 2. g3 e5 3. Bg2 d6 4. Nc3 f5 5. d3 Nf6 6. e3 Be7 7. Nge2 O-O 8. O-O
Kh8 9. Nd5 Nxd5 10. cxd5 Nb8 11. b3 c5 12. Bb2 Na6 13. Qd2 Bf6 14. f4 exf4 15.
Nxf4 Nc7 16. Rae1 Rb8 17. Rf2 Bd7 18. Ref1 Qe7 19. Bxf6 Rxf6 20. Ne2 Rbf8 21.
Nc3 b5 22. a3 b4 23. axb4 cxb4 24. Nd1 a5 25. Nb2 Na6 26. Nc4 Bb5 27. Re2 Nc5
28. Rb1 h6 29. Ree1 Qa7 30. Bf1 g5 31. Rec1 f4 32. Bg2 Bxc4 33. dxc4 f3 34. Bh3
Ne4 35. Qd3 Nc3 36. Rxc3 bxc3 37. Qxc3 h5 38. Be6 Kh7 39. Kf2 g4 40. Ra1 Kg6
41. Rxa5 Qb6 42. Rb5 Qc7 43. Qa5 Qxa5 44. Rxa5 Rh8 45. e4 h4 46. Bf5+ Kg5 47.
Ra7 hxg3+ 48. hxg3 Rh2+ 49. Kf1 Rfh6 50. c5 Rh1+ 51. Kf2 R6h2+ 52. Ke3 Re1+ 53.
Kd4 Rd1+ 54. Kc4 Rc2+ 55. Kb4 dxc5+ 56. Kb5 f2 57. Rg7+ Kf6 58. Rg6+ Kf7 59.
Kc6 f1=Q 60. Kd7 Qb5+ 0-1

[Event "Tradewise Gibraltar 2012 - Challenger B"]
[Site "Gibraltar ENG"]
[Date "2012.01.30"]
[Round "3.36"]
[White "Hamer, Martyn"]
[Black "Helin, Mikael"]
[Result "1-0"]
[WhiteElo "2010"]
[BlackElo "1935"]
[PlyCount "131"]
[EventDate "2012.01.28"]
[EventType "swiss"]
[EventRounds "5"]
[EventCountry "ENG"]
[Source "lmi"]
[SourceDate "2012.01.28"]

1. f4 d5 2. b3 c5 3. e3 g6 4. Bb2 Nf6 5. Nf3 Bg7 6. Be2 d4 7. exd4 Nd5 8. O-O
O-O 9. Ne5 Bf5 10. dxc5 Qc7 11. d4 Ne3 12. Qd2 Nxf1 13. Kxf1 Nd7 14. c4 Rad8
15. Qe3 Bh6 16. Nc3 Qb8 17. Nd5 Rfe8 18. g4 Be6 19. g5 Bg7 20. c6 Nb6 21. c7
Nxd5 22. cxd5 Qxc7 23. dxe6 f6 24. Nf3 fxg5 25. fxg5 Rf8 26. Kg2 Qd6 27. Rc1
Rf4 28. h3 Rdf8 29. Rc5 b6 30. Rc4 h6 31. Ne1 Qd5+ 32. Bf3 Qxg5+ 33. Kf2 b5 34.
Rc7 h5 35. Ke2 Bh6 36. Bc1 Qh4 37. Qg1 Bg5 38. Bxf4 Qxf4 39. Rc2 Rf6 40. d5 Rf5
41. Kd3 Re5 42. Re2 Qf5+ 43. Kc3 Bf6 44. Rxe5 Qxe5+ 45. Kd3 g5 46. Qf2 Qf5+ 47.
Ke2 Qe5+ 48. Kf1 h4 49. Qxa7 Qg3 50. Bg2 g4 51. Qf2 Qh2 52. hxg4 h3 53. Be4 Qe5
54. Qf5 Qxf5+ 55. Bxf5 Be5 56. Nf3 Bd6 57. a4 bxa4 58. bxa4 Kg7 59. a5 Kf8 60.
a6 Bc5 61. g5 Kg7 62. Bxh3 Kg6 63. Bg4 Kg7 64. Ne5 Bb6 65. Bf5 Bc5 66. Nc6 1-0

[Event "Tradewise Gibraltar 2012 - Challenger B"]
[Site "Gibraltar ENG"]
[Date "2012.01.30"]
[Round "3.37"]
[White "Hansen, Henrik Damgaard"]
[Black "Morris-Hill, Ray"]
[Result "0-1"]
[WhiteElo "1859"]
[BlackElo "2005"]
[PlyCount "64"]
[EventDate "2012.01.28"]
[EventType "swiss"]
[EventRounds "5"]
[EventCountry "ENG"]
[Source "lmi"]
[SourceDate "2012.01.28"]

1. d4 d6 2. e4 Nf6 3. Bd3 e5 4. d5 Be7 5. c4 c5 6. Nc3 Nbd7 7. h3 a6 8. Be3 Nf8
9. Qd2 Ng6 10. g3 Bd7 11. b3 b5 12. f3 b4 13. Nd1 a5 14. a4 Qc7 15. f4 exf4 16.
gxf4 O-O-O 17. Nf3 Nh5 18. Qh2 Bf6 19. Ra2 Rde8 20. Rg2 Nh4 21. Nxh4 Bxh4+ 22.
Bf2 Bxf2+ 23. Rxf2 f5 24. Re2 fxe4 25. Bxe4 Nf6 26. Bd3 Rxe2+ 27. Kxe2 Re8+ 28.
Kf3 Qd8 29. Ne3 Qe7 30. Re1 Qf7 31. Bf5 Bxf5 32. Nxf5 Qh5+ 0-1

[Event "Tradewise Gibraltar 2012 - Challenger B"]
[Site "Gibraltar ENG"]
[Date "2012.01.30"]
[Round "3.38"]
[White "Rodriguez Gonzalez, Alex"]
[Black "Riiser, Samuel"]
[Result "1-0"]
[WhiteElo "2002"]
[BlackElo "1827"]
[PlyCount "57"]
[EventDate "2012.01.28"]
[EventType "swiss"]
[EventRounds "5"]
[EventCountry "ENG"]
[Source "lmi"]
[SourceDate "2012.01.28"]

1. e4 c5 2. Nc3 a6 3. Nf3 b5 4. g3 Bb7 5. Bg2 g6 6. d4 b4 7. Na4 Bxe4 8. Nxc5
Bc6 9. O-O Bg7 10. d5 Bb5 11. Re1 d6 12. Ne4 Qc7 13. Bf4 Kd8 14. c3 bxc3 15.
bxc3 Nd7 16. a4 Bc4 17. Nd4 Bxd4 18. Qxd4 Ngf6 19. Nd2 Rc8 20. Rab1 a5 21. Bg5
Re8 22. Nxc4 Qxc4 23. Qa7 Qc5 24. Qa6 Ne5 25. Be3 Qc4 26. Bb6+ Rc7 27. Bxc7+
Qxc7 28. Rb7 Qc8 29. Qb6+ 1-0

[Event "Tradewise Gibraltar 2012 - Challenger B"]
[Site "Gibraltar ENG"]
[Date "2012.01.30"]
[Round "3.39"]
[White "Rough, Robert E"]
[Black "Campbell, Ian"]
[Result "0-1"]
[WhiteElo "1762"]
[BlackElo "2001"]
[PlyCount "94"]
[EventDate "2012.01.28"]
[EventType "swiss"]
[EventRounds "5"]
[EventCountry "ENG"]
[Source "lmi"]
[SourceDate "2012.01.28"]

1. c4 f5 2. Nc3 Nf6 3. g3 g6 4. Bg2 Bg7 5. d3 O-O 6. Nf3 d6 7. O-O a5 8. e4 e5
9. Be3 Nc6 10. Nd5 fxe4 11. Nxf6+ Bxf6 12. dxe4 Qe7 13. h3 Be6 14. b3 b6 15.
Qd2 Kh8 16. Rad1 a4 17. Kh2 Ra7 18. Qc3 axb3 19. axb3 Rfa8 20. Ra1 Rxa1 21.
Rxa1 Rxa1 22. Qxa1 Na5 23. Nd2 Kg7 24. Bf1 c5 25. b4 Nc6 26. b5 Nd4 27. Bxd4
exd4 28. Qa6 Qc7 29. Nf3 Bd8 30. Qa8 Qd7 31. Ne1 Bc7 32. Qa4 g5 33. Nd3 Qf7 34.
Kg2 Bxc4 35. Nb2 Be6 36. Nc4 d5 37. Nd2 dxe4 38. Nxe4 Bd5 39. f3 Bxe4 40. fxe4
Qe7 41. Qc2 Qe5 42. Qd3 c4 43. Qf3 d3 44. Bxd3 cxd3 45. Qxd3 h5 46. Qd7+ Kf6
47. Qc6+ Ke7 0-1

[Event "Tradewise Gibraltar 2012 - Challenger B"]
[Site "Gibraltar ENG"]
[Date "2012.02.01"]
[Round "4.1"]
[White "Barrenechea Bahamonde, Gustavo"]
[Black "Hagen, Anders Gjerdrum"]
[Result "1-0"]
[WhiteElo "2228"]
[BlackElo "2139"]
[PlyCount "51"]
[EventDate "2012.01.28"]
[EventType "swiss"]
[EventRounds "5"]
[EventCountry "ENG"]
[Source "lmi"]
[SourceDate "2012.01.28"]

1. e4 c5 2. Nf3 Nc6 3. Bb5 Nf6 4. Nc3 Qc7 5. O-O Nd4 6. Nxd4 cxd4 7. Nd5 Nxd5
8. exd5 Qc5 9. c4 a6 10. b4 Qxb4 11. Ba4 g6 12. d3 b5 13. Bb3 Qd6 14. Qf3 Bb7
15. Bf4 Qb6 16. Be5 f6 17. c5 Qxc5 18. Bxf6 Rg8 19. Rfe1 Rc8 20. Qf4 Bxd5 21.
Bxd4 g5 22. Qe5 Bg7 23. Qxd5 Qxd5 24. Bxd5 Bxd4 25. Bxg8 Rc2 26. Rac1 1-0

[Event "Tradewise Gibraltar 2012 - Challenger B"]
[Site "Gibraltar ENG"]
[Date "2012.02.01"]
[Round "4.2"]
[White "Diaz Velandia, Jose Manuel"]
[Black "Jaunooby, Ali R"]
[Result "1-0"]
[WhiteElo "2136"]
[BlackElo "2146"]
[PlyCount "111"]
[EventDate "2012.01.28"]
[EventType "swiss"]
[EventRounds "5"]
[EventCountry "ENG"]
[Source "lmi"]
[SourceDate "2012.01.28"]

1. d4 Nf6 2. Nf3 g6 3. Bf4 c5 4. c3 Qb6 5. Qb3 Nc6 6. Qxb6 axb6 7. Nbd2 cxd4 8.
Nxd4 Nd5 9. Nb5 d6 10. e4 Nxf4 11. Nc7+ Kd8 12. Nxa8 Ne5 13. g3 Nfd3+ 14. Bxd3
Nxd3+ 15. Ke2 Nc5 16. Nxb6 Bh3 17. f3 Bg7 18. Nb3 Ne6 19. Rhd1 f5 20. exf5 gxf5
21. Nd5 Be5 22. Nd4 Nc5 23. b4 Na4 24. Ne6+ Kd7 25. Ng5 e6 26. Ne3 Nxc3+ 27.
Kf2 Nxd1+ 28. Rxd1 Ra8 29. Rd2 Bc3 30. Rc2 Bd4 31. Nxh3 Ra3 32. Re2 e5 33. f4
h6 34. fxe5 dxe5 35. Kf3 Ke6 36. Nf4+ exf4 37. Kxf4 Be5+ 38. Kf3 Bd4 39. Kf4
Be5+ 40. Kf3 Bc7 41. Kg2 Rd3 42. Ng4+ Kd5 43. Nxh6 f4 44. gxf4 Bxf4 45. Nf5 Bd2
46. b5 Bc3 47. h4 Kc5 48. a4 Rd2 49. Rxd2 Bxd2 50. Kf3 Kb4 51. Ke2 Bc1 52. Kd3
Bb2 53. h5 Kc5 54. h6 Kd5 55. h7 b6 56. Nh4 1-0

[Event "Tradewise Gibraltar 2012 - Challenger B"]
[Site "Gibraltar ENG"]
[Date "2012.02.01"]
[Round "4.3"]
[White "Pettersson, Anders"]
[Black "Buchkremer, Felix Dr"]
[Result "1-0"]
[WhiteElo "2219"]
[BlackElo "2080"]
[PlyCount "163"]
[EventDate "2012.01.28"]
[EventType "swiss"]
[EventRounds "5"]
[EventCountry "ENG"]
[Source "lmi"]
[SourceDate "2012.01.28"]

1. d4 e6 2. c4 f5 3. g3 Nf6 4. Bg2 Be7 5. Nc3 O-O 6. Nf3 d6 7. O-O a5 8. Qc2
Nc6 9. a3 e5 10. dxe5 dxe5 11. Rd1 Qe8 12. Nd5 Bd8 13. Bg5 Qf7 14. Be3 e4 15.
Ng5 Qh5 16. h4 h6 17. Nh3 Qf7 18. Nhf4 g5 19. hxg5 hxg5 20. Nh3 Nh7 21. Qc3 Qh5
22. Rd2 Ne7 23. Bc5 Nxd5 24. cxd5 Rf7 25. d6 f4 26. d7 Bxd7 27. Rad1 Bf6 28.
Qb3 Bxh3 29. Bxe4 c6 30. Qc2 Kg7 31. Bf3 Bg4 32. Rd7 Bxf3 33. exf3 Nf8 34. g4
Qg6 35. Rxf7+ Qxf7 36. Qf5 Qg6 37. Bxf8+ Rxf8 38. Qxa5 Rf7 39. Qd2 c5 40. Qd5
b6 41. b4 cxb4 42. axb4 Re7 43. Qc6 Be5 44. Qb5 Qf6 45. Kg2 Bd4 46. Qd3 Bc3 47.
Qc4 Be5 48. Rd5 Qe6 49. Qb5 Bf6 50. Rd8 Rc7 51. Rb8 Qc6 52. Qd3 Rd7 53. Qb3 Qd5
54. Qc2 Qd3 55. Qc6 Qd6 56. Qc8 Bd8 57. Ra8 Qd5 58. Ra1 Rc7 59. Qa6 b5 60. Rh1
Bf6 61. Qb6 Qb7 62. Qe6 Rc3 63. Rh3 Qc8 64. Qe4 Qg8 65. Qb7+ Kg6 66. Qe4+ Kg7
67. Qb7+ Kg6 68. Qxb5 Rc7 69. Qf5+ Kg7 70. b5 Rf7 71. b6 Bd8 72. Qb5 Rb7 73.
Qc6 Rxb6 74. Qd7+ Kg6 75. Qf5+ Kg7 76. Qd7+ Kg6 77. Rh1 Rf6 78. Re1 Rf7 79. Qc8
Bf6 80. Qxg8+ Rg7 81. Qe8+ Kh7 82. Rh1# 1-0

[Event "Tradewise Gibraltar 2012 - Challenger B"]
[Site "Gibraltar ENG"]
[Date "2012.02.01"]
[Round "4.4"]
[White "Vanparys, Philip"]
[Black "Urbina Perez, Juan Antonio"]
[Result "1/2-1/2"]
[WhiteElo "2174"]
[BlackElo "2210"]
[PlyCount "61"]
[EventDate "2012.01.28"]
[EventType "swiss"]
[EventRounds "5"]
[EventCountry "ENG"]
[Source "lmi"]
[SourceDate "2012.01.28"]

1. c4 Nf6 2. g3 e6 3. Bg2 d5 4. Nf3 Be7 5. b3 b6 6. O-O O-O 7. Bb2 Bb7 8. e3 c5
9. Nc3 dxc4 10. bxc4 Nc6 11. Qe2 a6 12. Rac1 Qc7 13. d4 Na5 14. dxc5 Qxc5 15.
Na4 Qb4 16. Qc2 Be4 17. a3 Bxc2 18. axb4 Bxa4 19. bxa5 bxa5 20. Ra1 Bc6 21.
Rxa5 Bb4 22. Ra2 Rfc8 23. Bd4 a5 24. Rc1 Nd7 25. Nd2 Bxg2 26. Kxg2 Bxd2 27.
Rxd2 e5 28. Bb2 Nc5 29. Rcd1 f6 30. Ba3 Rc7 31. Bc1 1/2-1/2

[Event "Tradewise Gibraltar 2012 - Challenger B"]
[Site "Gibraltar ENG"]
[Date "2012.02.01"]
[Round "4.5"]
[White "Allor, Chukwuka"]
[Black "Tscharotschkin, Michael"]
[Result "0-1"]
[WhiteElo "2145"]
[BlackElo "2195"]
[PlyCount "94"]
[EventDate "2012.01.28"]
[EventType "swiss"]
[EventRounds "5"]
[EventCountry "ENG"]
[Source "lmi"]
[SourceDate "2012.01.28"]

1. e4 e6 2. d4 d5 3. Nc3 Bb4 4. e5 c5 5. Bd2 Ne7 6. Nb5 Bxd2+ 7. Qxd2 O-O 8. c3
Nbc6 9. f4 cxd4 10. Nxd4 Nxd4 11. cxd4 Bd7 12. Nf3 Qb6 13. Bd3 Bb5 14. Bc2 Rac8
15. Rd1 Rc7 16. Kf2 Rfc8 17. Bb1 a5 18. g4 Ba4 19. Rc1 Nc6 20. Rc3 Nb4 21. Rhc1
Bb5 22. f5 Rxc3 23. bxc3 Qc6 24. f6 h6 25. fxg7 Kxg7 26. a3 Na6 27. Qf4 Qc4 28.
Qf6+ Kf8 29. Qxh6+ Ke8 30. Qh8+ Kd7 31. Qf6 Kc7 32. Qxf7+ Kb8 33. Qxe6 Qe2+ 34.
Kg3 Qb2 35. Qh6 Bd7 36. Qd2 Qxa3 37. Bf5 Bxf5 38. gxf5 Qf8 39. f6 Qf7 40. Kf2
Nc7 41. Ng5 Qg6 42. Rg1 Qf5+ 43. Nf3 Ne6 44. Rg3 a4 45. Kg1 a3 46. Ne1 Qb1 47.
Rg2 a2 0-1

[Event "Tradewise Gibraltar 2012 - Challenger B"]
[Site "Gibraltar ENG"]
[Date "2012.02.01"]
[Round "4.6"]
[White "Norman, Kenneth I"]
[Black "Wihlborn, Bengt"]
[Result "1-0"]
[WhiteElo "2174"]
[BlackElo "1866"]
[PlyCount "27"]
[EventDate "2012.01.28"]
[EventType "swiss"]
[EventRounds "5"]
[EventCountry "ENG"]
[Source "lmi"]
[SourceDate "2012.01.28"]

1. Nf3 c5 2. c4 Nf6 3. Nc3 Nc6 4. d4 cxd4 5. Nxd4 g6 6. e4 Qb6 7. Nb3 d6 8. Be3
Qc7 9. f3 a6 10. Rc1 Bg7 11. Nd5 Qd8 12. Bb6 Qd7 13. Nc7+ Kf8 14. Nxa8 1-0

[Event "Tradewise Gibraltar 2012 - Challenger B"]
[Site "Gibraltar ENG"]
[Date "2012.02.01"]
[Round "4.7"]
[White "Ranaivoharisoa, Alain"]
[Black "Hanley, James L"]
[Result "0-1"]
[WhiteElo "2135"]
[BlackElo "2247"]
[PlyCount "112"]
[EventDate "2012.01.28"]
[EventType "swiss"]
[EventRounds "5"]
[EventCountry "ENG"]
[Source "lmi"]
[SourceDate "2012.01.28"]

1. e4 c5 2. Nc3 d6 3. f4 g6 4. Nf3 Bg7 5. Bb5+ Bd7 6. Bxd7+ Qxd7 7. O-O Nc6 8.
d3 Nf6 9. Kh1 O-O 10. Be3 b6 11. d4 cxd4 12. Nxd4 Na5 13. Qd3 Rac8 14. Rae1
Rfd8 15. Nd5 Ng4 16. Bg1 e6 17. Nc3 Nc4 18. b3 Na3 19. h3 Nf6 20. Nb1 Nxb1 21.
Rxb1 e5 22. Ne2 d5 23. fxe5 Nxe4 24. c4 Bxe5 25. Rbd1 f5 26. cxd5 Qd6 27. g4
Nc3 28. Rd2 fxg4 29. hxg4 Qxd5+ 30. Qxd5+ Rxd5 31. Rc2 Rc7 32. Nxc3 Rxc3 33.
Rxc3 Bxc3 34. Kg2 Ra5 35. a4 Rd5 36. Rf3 Be5 37. Be3 Kg7 38. Kf2 Bd4 39. Bxd4+
Rxd4 40. Kg3 a6 41. Kh3 Rd1 42. Rc3 Kh6 43. Re3 Rh1+ 44. Kg3 Rb1 45. Kf4 Rf1+
46. Kg3 Rd1 47. Kh4 Rh1+ 48. Kg3 Kg5 49. Re5+ Kf6 50. Rd5 Rg1+ 51. Kf3 Ke6 52.
Rd8 Rb1 53. Rd3 Ke5 54. Kg3 Ke4 55. Rf3 Rg1+ 56. Kf2 Rf1+ 0-1

[Event "Tradewise Gibraltar 2012 - Challenger B"]
[Site "Gibraltar ENG"]
[Date "2012.02.01"]
[Round "4.8"]
[White "Osuna Vega, Enrique"]
[Black "Byron, Alan M"]
[Result "1-0"]
[WhiteElo "2122"]
[BlackElo "2241"]
[PlyCount "51"]
[EventDate "2012.01.28"]
[EventType "swiss"]
[EventRounds "5"]
[EventCountry "ENG"]
[Source "lmi"]
[SourceDate "2012.01.28"]

1. d4 Nf6 2. Nf3 d5 3. c4 e6 4. Nc3 Be7 5. Bf4 O-O 6. e3 c6 7. h3 Nbd7 8. Bd3
a6 9. c5 b5 10. cxb6 Qxb6 11. Qe2 c5 12. O-O Bb7 13. Na4 Qa5 14. Nxc5 Bxc5 15.
dxc5 Nxc5 16. Bd6 Nxd3 17. Bxf8 Bc6 18. Qxd3 Rxf8 19. Rfc1 Bb5 20. Qc3 Qd8 21.
Qc7 Qa8 22. Nd4 Bd3 23. Nc6 g6 24. Qe5 Kg7 25. g4 Rc8 26. Nb4 1-0

[Event "Tradewise Gibraltar 2012 - Challenger B"]
[Site "Gibraltar ENG"]
[Date "2012.02.01"]
[Round "4.9"]
[White "Rowe, Duane"]
[Black "Gieritz, Dietmar"]
[Result "1-0"]
[WhiteElo "2236"]
[BlackElo "2134"]
[PlyCount "151"]
[EventDate "2012.01.28"]
[EventType "swiss"]
[EventRounds "5"]
[EventCountry "ENG"]
[Source "lmi"]
[SourceDate "2012.01.28"]

1. e4 e6 2. b3 d5 3. Bb2 Nf6 4. e5 Nfd7 5. f4 c5 6. Qg4 h5 7. Qh3 Nc6 8. Nf3
Nb4 9. Na3 a6 10. c3 Nc6 11. Nc2 Qb6 12. d4 a5 13. O-O-O a4 14. dxc5 Nxc5 15.
b4 Ne4 16. Bd3 Nf2 17. Qg3 Nxh1 18. Rxh1 g6 19. a3 Bd7 20. Ng5 Ne7 21. Nd4 Rc8
22. Kb1 Nf5 23. Bxf5 gxf5 24. Re1 Be7 25. Nh7 Bf8 26. Nf6+ Kd8 27. Qg5 Kc7 28.
Nxh5 Kb8 29. h3 Bb5 30. Re3 Bf1 31. g4 fxg4 32. hxg4 Qa6 33. Qh4 Bd3+ 34. Ka1
Bg6 35. Qh1 Bh6 36. Rh3 Be4 37. Qd1 Qc4 38. Re3 Rcg8 39. Re1 b5 40. Rg1 Qd3 41.
Qxd3 Bxd3 42. Bc1 Bg7 43. Be3 Kb7 44. Kb2 Bf8 45. Kc1 Be7 46. Kd2 Bg6 47. Ng3
Rh2+ 48. Nge2 Ka6 49. f5 exf5 50. gxf5 Bh7 51. Rf1 Rgg2 52. Bf4 Rh3 53. Be3
Rhh2 54. Bf4 Rh4 55. f6 Bf8 56. e6 fxe6 57. Nxe6 Bf5 58. Bg5 Re4 59. N6d4 Bg4
60. Be3 Rh2 61. f7 Bxe2 62. Nxe2 Rh7 63. Rf6+ Kb7 64. Rb6+ Kc7 65. Rxb5 Kc6 66.
Ra5 Rxf7 67. Ra6+ Kd7 68. Ra7+ Ke6 69. Nd4+ Kf6 70. Rxa4 Rh7 71. Ra6+ Kf7 72.
Ra7+ Be7 73. Nf5 Rh2+ 74. Kd3 Kf6 75. Nxe7 Rxe7 76. Bg5+ 1-0